Central Library OPAC University of Rajshahi
Normal view MARC view

Entry Topical Term

Number of records used in: 2

001 - CONTROL NUMBER

  • control field: 5075

003 - CONTROL NUMBER IDENTIFIER

  • control field: BD-RjUL

005 - DATE AND TIME OF LATEST TRANSACTION

  • control field: 20220929145533.0

008 - FIXED-LENGTH DATA ELEMENTS

  • fixed length control field: 220929|| aca||aabn | a|a d

040 ## - CATALOGING SOURCE

  • Original cataloging agency: BD-RjUL
  • Transcribing agency: BD-RjUL

150 ## - HEADING--TOPICAL TERM

  • Topical term or geographic name entry element: Education of Females

670 ## - SOURCE DATA FOUND

  • Source citation: Work cat.: (BD-RjUL)80466: Islam, Md. Soriful 5074, Problem and prospect of women eduction In Bangladesh :, 2010